The coal industry in Kentucky. (Record no. 26344)

MARC details
000 -LEADER
fixed length control field 01102cam a22002411 4500
001 - CONTROL NUMBER
control field gs 24000282
003 - CONTROL NUMBER IDENTIFIER
control field DLC
005 - DATE AND TIME OF LATEST TRANSACTION
control field 20260227111328.0
008 - FIXED-LENGTH DATA ELEMENTS--GENERAL INFORMATION
fixed length control field 800714s1924 kyuab b s000 0 eng
010 ## - LIBRARY OF CONGRESS CONTROL NUMBER
LC control number gs 24000282
035 ## - SYSTEM CONTROL NUMBER
System control number (OCoLC)6514262
040 ## - CATALOGING SOURCE
Original cataloging agency DLC
Transcribing agency TM
Modifying agency OCoLC
-- DLC
042 ## - AUTHENTICATION CODE
Authentication code premarc
050 00 - LIBRARY OF CONGRESS CALL NUMBER
Classification number HD9547.K4
Item number J5 1924
100 1# - MAIN ENTRY--PERSONAL NAME
Personal name Jillson, Willard Rouse,
Dates associated with a name 1890-
245 14 - TITLE STATEMENT
Title The coal industry in Kentucky.
Remainder of title A review of the discovery, development, mining methods, qualities, markets, analyses, geology, correlations, locations, production statistics, and mine operators of the coals of Kentucky, including a complete bibliography.
Statement of responsibility, etc. By Willard Rouse Jillson ... Illustrated with forty-two photographs, maps, and diagrams.
250 ## - EDITION STATEMENT
Edition statement 2d ed.,
Remainder of edition statement rev. and expanded.
260 ## - PUBLICATION, DISTRIBUTION, ETC.
Place of publication, distribution, etc. Frankfort, Kentucky,
Name of publisher, distributor, etc. Kentucky Geological Survey,
Date of publication, distribution, etc. 1924.
300 ## - PHYSICAL DESCRIPTION
Extent 5 p. l., 164 p.
Other physical details front., illus., fold. map, tables.
Dimensions 24 cm.
490 0# - SERIES STATEMENT
Series statement Kentucky geological survey. Ser. VI [Geologic reports] v. 20
504 ## - BIBLIOGRAPHY, ETC. NOTE
Bibliography, etc. note Bibliography: p. 137-153.
650 #0 - SUBJECT ADDED ENTRY--TOPICAL TERM
Topical term or geographic name entry element Coal mines and mining
Geographic subdivision Kentucky.

No items available.

Powered by Koha